187 Straßenbande Grundwissen - Statistiken

Allgemein
  • Dieses Quiz wurde 290 mal gespielt
  • Das Durchschnittsergebnis liegt bei 7 aus 11
Antwortstatistiken
Fragen Antworten % Korrekt
Welcher 187-Rapper ist für seine Skandale und markante Stimme bekannt? Gzuz
100%
In welcher Stadt wurde die 187 Straßenbande gegründet? Hamburg
93%
Wer ist der Gründer der 187 Straßenbande? Bonez MC
90%
Welches Mitglied wurde 2018 wegen Steuerhinterziehung angeklagt? Bonez MC
90%
Mit welchem österreichischen Künstler hat Bonez MC „Palmen aus Plastik“ gemacht? RAF Camora
88%
Wie heißt das Erfolgsalbum von 2017 der 187 Straßenbande? Palmen aus Plastik
74%
Welcher Code steht hinter der Zahl "187"? Mord
71%
Welches Album veröffentlichte die 187 Straßenbande 2019? Sampler 4
54%
Welches Mitglied ist als Graffiti-Künstler aktiv? Frost
42%
Welcher Track wurde als erster Nummer-1-Hit der 187 Straßenbande bekannt? 500 PS
18%
Welches Album der 187 Straßenbande erreichte Platz 1 der Charts? High & Hungrig 2
7%
Keine übereinstimmenden Quizze gefunden
Verteilung der Resultate
Anzahl Personen mit jedem Resultat
Perzentil nach korrekt beantworteten Fragen
Ihre Resultats-Entwicklung
Sie haben dieses Quiz noch nicht gespielt